[Event "OLNN 2122 SF Schwerin - SK Johanneum Ep"]
[Site "?"]
[Date "2021.11.21"]
[Round "2.6"]
[White "Heinsohn, Wilfried"]
[Black "Wenzel, Birger"]
[Result "1-0"]
[WhiteElo "2127"]
[BlackElo "1974"]
[PlyCount "81"]
[EventDate "2021.??.??"]

1. Nf3 Nf6 2. g3 d5 3. Bg2 c6 4. O-O Bg4 5. d3 Nbd7 6. Nbd2 e5 7. e4 dxe4 8.
dxe4 Be7 9. Re1 O-O 10. h3 Bh5 11. Qe2 Qc7 12. b3 Rfe8 13. Bb2 Bf8 14. g4 Bg6
15. Nh4 Nc5 16. Nxg6 hxg6 17. Rad1 Nfd7 18. Qf3 Ne6 19. Qg3 f6 20. g5 Nxg5 21.
Bf1 Kf7 22. h4 Ne6 23. Nf3 Bd6 24. Re2 Rad8 25. h5 g5 26. Red2 Ndc5 27. Qg4 b5
28. Qf5 Rh8 29. b4 Na4 30. Bh3 Nxb2 31. Qxe6+ Kf8 32. Rb1 Nc4 33. Rd3 Rxh5 34.
Bg4 Rh6 35. Nxg5 fxg5 36. Rf3+ Rf6 37. Rxf6+ gxf6 38. Qxf6+ Ke8 39. Bh5+ Kd7
40. Qf5+ Ke7 41. Qf7# 1-0

[Event "OLNN 2122 SF Schwerin - SK Johanneum Ep"]
[Site "?"]
[Date "2021.11.21"]
[Round "2.7"]
[White "Ahmels, Volker"]
[Black "Wandel, Bernd"]
[Result "1/2-1/2"]
[WhiteElo "2172"]
[BlackElo "2064"]
[PlyCount "52"]
[EventDate "2021.??.??"]

1. e4 c6 2. Nc3 d5 3. Nf3 dxe4 4. Nxe4 Nf6 5. Ng3 h5 6. h4 Bg4 7. Be2 e6 8. Ne5
Qd4 9. Nxg4 Nxg4 10. Bxg4 Qxg4 11. Qxg4 hxg4 12. d3 Be7 13. Bg5 f6 14. Bd2 f5
15. O-O-O Rxh4 16. Rxh4 Bxh4 17. Rh1 Be7 18. Rh8+ Bf8 19. Bc3 Kf7 20. Nh5 Nd7
21. Bxg7 Rb8 22. Bxf8 Nxf8 23. d4 Rd8 24. c3 Rd5 25. Nf4 Rd6 26. g3 Kg7 1/2-1/2

[Event "OLNN 2122 SF Schwerin - SK Johanneum Ep"]
[Site "?"]
[Date "2021.11.21"]
[Round "2.8"]
[White "Kunze, Kerstin"]
[Black "Schueler, Hendrik"]
[Result "0-1"]
[WhiteElo "2037"]
[BlackElo "2063"]
[PlyCount "112"]
[EventDate "2021.??.??"]

1. e4 e6 2. Nc3 d5 3. Nf3 Bb4 4. a3 Bxc3 5. dxc3 dxe4 6. Qxd8+ Kxd8 7. Ng5 Ke7
8. Nxe4 Nd7 9. c4 b6 10. Bg5+ f6 11. Be3 f5 12. Nc3 Ngf6 13. O-O-O Bb7 14. Bf4
e5 15. Re1 Ne4 16. Nxe4 Bxe4 17. Bxe5 Nxe5 18. f3 g5 19. fxe4 f4 20. Rd1 c6 21.
b4 Rad8 22. Be2 g4 23. b5 Rxd1+ 24. Rxd1 f3 25. gxf3 gxf3 26. Bf1 Rg8 27. bxc6
Nxc6 28. Kd2 Ne5 29. h3 Rd8+ 30. Bd3 Nxc4+ 31. Ke1 Ne5 32. Kf2 Rg8 33. Bf1 Rc8
34. Bd3 Rg8 35. Bf1 Rc8 36. Bd3 Rc3 37. a4 Ra3 38. Bb5 Rc3 39. Bd3 Ra3 40. Bb5
Ra2 41. Rc1 Ke6 42. Kg3 Ra3 43. Rd1 Rc3 44. Rd2 Rc7 45. Kf2 Rg7 46. Bf1 Rc7 47.
Kg3 h6 48. Kf2 Rc3 49. Bb5 h5 50. Ba6 h4 51. Bb7 Kf6 52. Bd5 Kg5 53. Bb3 Kf4
54. Rd4 Re3 55. Bd5 Re2+ 56. Kf1 Rxc2 0-1

[Event "OLNN 2122 Preetzer TSV - Hamburger SK I"]
[Site "?"]
[Date "2021.11.20"]
[Round "3.1"]
[White "Colpe, Malte"]
[Black "Pedersen, Steffen"]
[Result "1-0"]
[WhiteElo "2360"]
[BlackElo "2333"]
[PlyCount "53"]
[EventDate "2021.??.??"]

1. d4 d5 2. c4 e6 3. Nc3 a6 4. cxd5 exd5 5. Qb3 Nc6 6. e4 dxe4 7. d5 Nb4 8. Bf4
Nf6 9. O-O-O Bd6 10. Bg5 Bf5 11. a3 Nd3+ 12. Bxd3 exd3 13. Re1+ Kf8 14. Qxb7
Rb8 15. Qxa6 Nxd5 16. Bxd8 d2+ 17. Kd1 dxe1=Q+ 18. Kxe1 Nxc3 19. bxc3 Rxd8 20.
Ne2 Bg6 21. f3 Ke7 22. Nd4 Ra8 23. Qe2+ Kd7 24. Kf2 Rxa3 25. Nb5 Re8 26. Qd2
Bd3 27. Nxa3 1-0

[Event "OLNN 2122 Preetzer TSV - Hamburger SK I"]
[Site "?"]
[Date "2021.11.20"]
[Round "3.2"]
[White "Reinecker, Kai"]
[Black "Woelk, Tom-Frederic"]
[Result "0-1"]
[WhiteElo "2271"]
[BlackElo "2308"]
[PlyCount "94"]
[EventDate "2021.??.??"]

1. e4 c5 2. c3 d5 3. exd5 Qxd5 4. d4 Nc6 5. Nf3 Bf5 6. Be3 cxd4 7. cxd4 e6 8.
Nc3 Bb4 9. a3 Bxc3+ 10. bxc3 Nf6 11. c4 Qa5+ 12. Qd2 Rc8 13. Qxa5 Nxa5 14. Nd2
O-O 15. Be2 Ne4 16. Nxe4 Bxe4 17. f3 Bf5 18. Kf2 Nxc4 19. Bxc4 Rxc4 20. Rhc1
Bc2 21. Ra2 Rfc8 22. Rb2 b6 23. Bd2 Kf8 24. Bb4+ Ke8 25. Bc5 bxc5 26. Rbxc2
Rxd4 27. Rxc5 Rxc5 28. Rxc5 Ra4 29. Rc3 Ke7 30. g3 g5 31. g4 Kf6 32. Kg3 Kg6
33. h4 gxh4+ 34. Kxh4 h5 35. Kg3 hxg4 36. fxg4 Kg5 37. Rc5+ f5 38. gxf5 Rxa3+
39. Kf2 exf5 40. Rc4 a5 41. Kg2 a4 42. Rb4 Ra1 43. Kf2 a3 44. Ra4 a2 45. Kg2 f4
46. Ra5+ Kh4 47. Ra4 Kg4 0-1

[Event "OLNN 2122 Preetzer TSV - Hamburger SK I"]
[Site "?"]
[Date "2021.11.20"]
[Round "3.3"]
[White "Bracker, Arne"]
[Black "Schwarz, Frank"]
[Result "1-0"]
[WhiteElo "2266"]
[BlackElo "2224"]
[PlyCount "127"]
[EventDate "2021.??.??"]

1. e4 c5 2. Nf3 Nf6 3. e5 Nd5 4. Nc3 e6 5. Ne4 f5 6. Nc3 Ne7 7. b3 a6 8. Bb2
Nbc6 9. g3 Qc7 10. Bg2 Ng6 11. O-O Be7 12. Re1 O-O 13. Qe2 b5 14. a4 b4 15. Nb1
Bb7 16. d3 Rae8 17. Nbd2 Nh8 18. Nc4 Nf7 19. h4 Nh6 20. Bc1 Ng4 21. Bf4 Qb8 22.
Rad1 h6 23. h5 Qa8 24. Qf1 g6 25. hxg6 Kg7 26. d4 cxd4 27. Nxd4 Bc5 28. Nxc6
Bxf2+ 29. Qxf2 Nxf2 30. Rxd7+ Kxg6 31. Nb6 Bxc6 32. Nxa8 Bxd7 33. Nb6 Nh3+ 34.
Bxh3 Bc6 35. Nc4 Bd5 36. Nd6 Re7 37. Bg2 Bxg2 38. Kxg2 Rc7 39. Re2 Rc3 40. Nc4
h5 41. Be3 h4 42. gxh4 Kh5 43. Bg5 f4 44. Rf2 Kg4 45. Bh6 Rf5 46. Bg5 Rg3+ 47.
Kf1 Rh3 48. Bf6 f3 49. Ke1 Kg3 50. Ne3 Rf4 51. Nf1+ Kg4 52. Kd2 Kf5 53. Kd3 Kg4
54. Ke3 Rf5 55. a5 Rh1 56. Nh2+ Kg3 57. Rxf3+ Kxh2 58. Rxf5 exf5 59. Kf2 Rc1
60. e6 Rxc2+ 61. Kf3 Rc3+ 62. Kf4 Kg2 63. e7 Rf3+ 64. Kg5 1-0

[Event "OLNN 2122 Preetzer TSV - Hamburger SK I"]
[Site "?"]
[Date "2021.11.20"]
[Round "3.4"]
[White "Moeller, Dustin"]
[Black "Kugler, Florian"]
[Result "1/2-1/2"]
[WhiteElo "2202"]
[BlackElo "2233"]
[PlyCount "128"]
[EventDate "2021.??.??"]

1. d4 Nf6 2. c4 g6 3. Nc3 d5 4. Nf3 Bg7 5. Bg5 Ne4 6. Bf4 Nxc3 7. bxc3 c5 8.
cxd5 Qxd5 9. e3 cxd4 10. cxd4 Nc6 11. Be2 O-O 12. O-O h6 13. Qa4 Bd7 14. Qb5
Qxb5 15. Bxb5 Rfd8 16. Rab1 a6 17. Bd3 Bg4 18. Be4 f5 19. Bxc6 bxc6 20. Ne5 g5
21. Bg3 Bxe5 22. Bxe5 Be2 23. Rfc1 Bb5 24. Ra1 Ba4 25. Rcb1 a5 26. Rb7 Kf8 27.
f3 Ke8 28. Kf2 Rd7 29. Rb2 Kf7 30. h4 Rd5 31. e4 fxe4 32. fxe4 Rb5 33. Rxb5
Bxb5 34. h5 a4 35. Ke3 a3 36. Rc1 Ra4 37. Rc3 Bc4 38. Rc2 Rb4 39. Rc3 Bxa2 40.
Rxa3 Rb3+ 41. Rxb3 Bxb3 42. Kd2 Be6 43. Kc3 Bg4 44. Kb4 Bxh5 45. d5 Bg6 46.
dxc6 Bxe4 47. c7 Bb7 48. Kc5 Ke6 49. Kd4 h5 50. Bh2 Kf5 51. Ke3 h4 52. Bg1 g4
53. Bf2 g3 54. Bg1 e5 55. Ke2 Ba6+ 56. Ke1 Kg4 57. Bc5 h3 58. gxh3+ Kxh3 59.
Kd2 Bb7 60. Ke3 g2 61. c8=Q+ Bxc8 62. Ke4 Kh2 63. Kxe5 g1=Q 64. Bxg1+ Kxg1
1/2-1/2

[Event "OLNN 2122 Preetzer TSV - Hamburger SK I"]
[Site "?"]
[Date "2021.11.20"]
[Round "3.5"]
[White "Bente, Bjoern"]
[Black "Schwarzat, Julian"]
[Result "1-0"]
[WhiteElo "2235"]
[BlackElo "2131"]
[PlyCount "117"]
[EventDate "2021.??.??"]

1. d4 e6 2. Nf3 f5 3. c4 Nf6 4. g3 b6 5. Bg2 Bb4+ 6. Nfd2 Nc6 7. d5 exd5 8.
cxd5 Ne7 9. d6 Nc6 10. dxc7 Qxc7 11. O-O d5 12. a3 Be7 13. Nc3 Be6 14. Nf3 Rd8
15. Bf4 Qd7 16. Nb5 O-O 17. Rc1 Ne4 18. Nxa7 Nxa7 19. Rc7 Qe8 20. Rxa7 Bf6 21.
Nd4 Rf7 22. Rxf7 Qxf7 23. Be3 Rc8 24. Qd3 Rc4 25. Rd1 Bd7 26. b3 Rc3 27. Qb1
Qe8 28. Rd3 Qc8 29. Rxc3 Qxc3 30. Qd1 Kf8 31. Nf3 Qc6 32. Bd4 Bxd4 33. Nxd4 Qc3
34. e3 g6 35. Ne2 Qc5 36. b4 Qc4 37. Nf4 Bc6 38. Bxe4 Qxe4 39. Qd4 Qb1+ 40. Kg2
Kg8 41. Ne6 Qe4+ 42. Qxe4 dxe4 43. Kf1 Bb5+ 44. Ke1 Kf7 45. Nd4 Bd3 46. a4 Kf6
47. h4 h6 48. Kd2 Bf1 49. Kc3 Ke5 50. Nc6+ Kd6 51. b5 Kc5 52. Ne7 Be2 53. Nxg6
Bd1 54. Ne7 Bxa4 55. Nxf5 h5 56. g4 Bxb5 57. gxh5 Be8 58. Ng7 Bf7 59. h6 1-0

[Event "OLNN 2122 Preetzer TSV - Hamburger SK I"]
[Site "?"]
[Date "2021.11.20"]
[Round "3.6"]
[White "Willsch, Matthias"]
[Black "Kotyk, Michael"]
[Result "1-0"]
[WhiteElo "2142"]
[BlackElo "2099"]
[PlyCount "101"]
[EventDate "2021.??.??"]

1. d4 Nf6 2. c4 e6 3. g3 d5 4. Nf3 Be7 5. Bg2 O-O 6. O-O c6 7. Qc2 b6 8. Nbd2
Na6 9. Ne5 Bb7 10. cxd5 Nb4 11. Qb3 cxd5 12. Ndf3 a5 13. Bd2 a4 14. Qd1 b5 15.
a3 Na6 16. b4 Ne4 17. Ne1 f6 18. N5d3 Nd6 19. Bh3 Bc8 20. Nf4 Nc7 21. Ned3 Nc4
22. Nc5 Bxc5 23. dxc5 e5 24. Bxc8 Qxc8 25. Nd3 Qh3 26. Qc2 Ne6 27. e3 e4 28.
Ne1 d4 29. Bc1 d3 30. Qd1 d2 31. Bxd2 Rad8 32. Ra2 Rd5 33. Qe2 Rfd8 34. Bc3 Rd1
35. f4 exf3 36. Nxf3 Nxe3 37. Rxd1 Rxd1+ 38. Be1 Qh6 39. Rd2 Rc1 40. Rd3 Nf4
41. gxf4 Qg6+ 42. Kh1 Rc2 43. Bd2 Ra2 44. Qxe3 Ra1+ 45. Be1 h5 46. Rd8+ Kh7 47.
Qd3 f5 48. Ng5+ Qxg5 49. fxg5 Rxe1+ 50. Kg2 Re4 51. Qxe4 1-0

[Event "OLNN 2122 Preetzer TSV - Hamburger SK I"]
[Site "?"]
[Date "2021.11.20"]
[Round "3.7"]
[White "Rogozenco, Teodora"]
[Black "Dittmann, Hans-Adolf"]
[Result "0-1"]
[WhiteElo "1961"]
[BlackElo "2081"]
[PlyCount "54"]
[EventDate "2021.??.??"]

1. d4 Nf6 2. Nf3 g6 3. Bg5 Bg7 4. Nbd2 c5 5. Bxf6 Bxf6 6. Ne4 Bxd4 7. Nxd4 cxd4
8. Qxd4 O-O 9. c3 Nc6 10. Qd2 d5 11. Ng5 e5 12. g3 h6 13. Nf3 Kg7 14. Bg2 Be6
15. O-O Qf6 16. Rfd1 Rac8 17. Qe1 Rfd8 18. Nd2 Qe7 19. b4 e4 20. Rac1 Ne5 21.
c4 e3 22. cxd5 Rxc1 23. Rxc1 exd2 24. Qxd2 Bc8 25. Qd4 Qf6 26. Qxa7 h5 27. Qd4
Nf3+ 0-1

[Event "OLNN 2122 Preetzer TSV - Hamburger SK I"]
[Site "?"]
[Date "2021.11.20"]
[Round "3.8"]
[White "Kornrumpf, Joachim"]
[Black "Holinka, Henning"]
[Result "0-1"]
[WhiteElo "2043"]
[BlackElo "2245"]
[PlyCount "74"]
[EventDate "2021.??.??"]

1. b3 e5 2. Bb2 Nc6 3. c4 Nf6 4. e3 d5 5. cxd5 Nxd5 6. a3 Bd6 7. d3 O-O 8. Nf3
Qe7 9. Nbd2 f5 10. Nc4 g5 11. Be2 g4 12. Nfd2 h5 13. b4 a6 14. g3 f4 15. e4 Nf6
16. gxf4 exf4 17. Nxd6 cxd6 18. Nc4 f3 19. Bf1 b5 20. Ne3 Be6 21. Rc1 Rac8 22.
h3 Qa7 23. hxg4 hxg4 24. Rg1 Nd4 25. Rxc8 Rxc8 26. Qa1 Nc2+ 27. Nxc2 Rxc2 28.
Bd4 Qc7 29. Be3 Kf7 30. d4 Ra2 31. Qc1 Qxc1+ 32. Bxc1 Nxe4 33. Bd3 Ra1 34. Kd1
Nxf2+ 35. Kd2 Nxd3 36. Kxd3 f2 37. Rf1 Bc4+ 0-1

[Event "OLNN 2122 Hamburger SK III - SK Doppelb"]
[Site "?"]
[Date "2021.11.21"]
[Round "2.1"]
[White "Hector, Jonny"]
[Black "Colpe, Malte"]
[Result "1/2-1/2"]
[WhiteElo "2447"]
[BlackElo "2360"]
[PlyCount "102"]
[EventDate "2021.??.??"]

1. e4 c5 2. Nf3 d6 3. d4 cxd4 4. Nxd4 Nf6 5. Nc3 a6 6. Bg5 e6 7. f4 Be7 8. Qf3
Qc7 9. O-O-O Nbd7 10. g4 h6 11. Bxf6 Bxf6 12. h4 Nb6 13. g5 Bxd4 14. Rxd4 Qc5
15. Rd2 Bd7 16. gxh6 gxh6 17. Be2 Bc6 18. Rhd1 O-O-O 19. Rd4 d5 20. e5 Rhg8 21.
a4 Rg1 22. Bf1 Rdg8 23. Qf2 Kb8 24. Qd2 Nc4 25. Bxc4 dxc4 26. Qe3 Rxd1+ 27.
Nxd1 Bd5 28. f5 Rg3 29. Qxg3 Qxd4 30. f6 Bc6 31. a5 Be4 32. Qf4 c3 33. Nxc3
Qg1+ 34. Nd1 Bg6 35. Qf2 Qh1 36. Qd4 Bh5 37. Qd2 Bxd1 38. Qxd1 Qxh4 39. Qd6+
Ka7 40. Qc5+ Ka8 41. b4 Qe1+ 42. Kb2 h5 43. Ka2 Qe4 44. Kb3 Qe1 45. Qf8+ Ka7
46. Qc5+ Ka8 47. Qd6 h4 48. Qf8+ Ka7 49. Qc5+ Ka8 50. Qc8+ Ka7 51. Qc5+ Ka8
1/2-1/2

[Event "OLNN 2122 Hamburger SK III - SK Doppelb"]
[Site "?"]
[Date "2021.11.21"]
[Round "2.2"]
[White "Woelk, Tom-Frederic"]
[Black "Pajeken, Jakob Leon"]
[Result "1/2-1/2"]
[WhiteElo "2308"]
[BlackElo "2360"]
[PlyCount "37"]
[EventDate "2021.??.??"]

1. d4 d5 2. c4 dxc4 3. e4 Nf6 4. e5 Nd5 5. Bxc4 Nc6 6. Ne2 Bf5 7. O-O e6 8. a3
Be7 9. Nbc3 Nb6 10. Ba2 Qd7 11. Be3 O-O-O 12. Qc1 Na5 13. Rd1 Nac4 14. d5 Nxe3
15. Qxe3 exd5 16. Nxd5 Kb8 17. Nec3 Nxd5 18. Bxd5 Bc2 19. Kh1 1/2-1/2

[Event "OLNN 2122 Hamburger SK III - SK Doppelb"]
[Site "?"]
[Date "2021.11.21"]
[Round "2.3"]
[White "Bromann, Thorbjorn"]
[Black "Bracker, Arne"]
[Result "1-0"]
[WhiteElo "2374"]
[BlackElo "2266"]
[PlyCount "28"]
[EventDate "2021.??.??"]

1. d4 Nf6 2. Nc3 d5 3. Bg5 c5 4. Bxf6 gxf6 5. e3 Nc6 6. Qh5 cxd4 7. exd4 Rg8 8.
Qxd5 Qc7 9. O-O-O Be6 10. Qe4 Bg4 11. f3 Bh5 12. d5 Ne5 13. d6 Bh6+ 14. Kb1
exd6 1-0

[Event "OLNN 2122 Hamburger SK III - SK Doppelb"]
[Site "?"]
[Date "2021.11.21"]
[Round "2.4"]
[White "Groetzbach, Julian"]
[Black "Arndt, Magnus"]
[Result "0-1"]
[WhiteElo "2268"]
[BlackElo "2332"]
[PlyCount "80"]
[EventDate "2021.??.??"]

1. e4 e5 2. Nf3 Nc6 3. Bb5 a6 4. Ba4 Nf6 5. O-O Be7 6. Re1 b5 7. Bb3 O-O 8. a4
Na5 9. Ba2 d5 10. d4 dxe4 11. Nxe5 Bb7 12. c3 Nc6 13. Nd2 Bd6 14. f4 Ne7 15.
Bb1 c5 16. Nxe4 Nxe4 17. Bxe4 Bxe4 18. Rxe4 cxd4 19. cxd4 Nf5 20. g4 Nh4 21.
Re3 Bc5 22. Rd3 Qd5 23. Qd2 Bd6 24. Qf2 Bxe5 25. fxe5 Qe4 26. Raa3 Qxg4+ 27.
Qg3 Qe4 28. Bd2 Rac8 29. axb5 axb5 30. Rac3 b4 31. Rxc8 Rxc8 32. Bg5 Nf5 33.
Qf3 Qxf3 34. Rxf3 Nxd4 35. Rd3 Nc6 36. Bf4 Rd8 37. Rb3 Rd4 38. Bg3 Kf8 39. Kf2
Ke7 40. Ke3 Ke6 0-1

[Event "OLNN 2122 Hamburger SK III - SK Doppelb"]
[Site "?"]
[Date "2021.11.21"]
[Round "2.5"]
[White "Hoi, Carsten"]
[Black "Gaede, Derek"]
[Result "0-1"]
[WhiteElo "2348"]
[BlackElo "2265"]
[PlyCount "94"]
[EventDate "2021.??.??"]

1. d4 Nf6 2. c4 e6 3. Nc3 Bb4 4. e3 O-O 5. Bd3 d5 6. Nge2 b6 7. O-O Ba6 8. b3
Nbd7 9. Bb2 Bb7 10. cxd5 exd5 11. Ng3 Re8 12. Re1 a6 13. a3 Bd6 14. Nf5 Bf8 15.
b4 g6 16. Nh4 Bd6 17. g3 b5 18. Rb1 Nb6 19. f3 Nc4 20. Bxc4 bxc4 21. Na4 Bc6
22. Bc3 Nh5 23. Nc5 Nxg3 24. hxg3 Bxg3 25. Ng2 Qg5 26. f4 Qh6 27. Qf3 Qh2+ 28.
Kf1 a5 29. bxa5 Rab8 30. Ke2 Bxe1 31. Rxe1 Rb5 32. Kd2 Reb8 33. Kc2 h5 34. Bb4
h4 35. Re2 Rxc5 36. dxc5 d4 37. Qxc6 d3+ 38. Kd2 dxe2 39. Ne1 Rd8+ 40. Kc2 Qh3
41. Qxc7 Qf5+ 42. Kb2 Rc8 43. Qb7 Qf6+ 44. Bc3 Qd8 45. Bb4 Rb8 46. Qh1 Qd1 47.
Qxh4 Qb3+ 0-1

[Event "OLNN 2122 Hamburger SK III - SK Doppelb"]
[Site "?"]
[Date "2021.11.21"]
[Round "2.6"]
[White "Kugler, Florian"]
[Black "Beeck, Mats"]
[Result "0-1"]
[WhiteElo "2233"]
[BlackElo "2154"]
[PlyCount "126"]
[EventDate "2021.??.??"]

1. d4 Nf6 2. Nf3 d5 3. g3 c5 4. Bg2 cxd4 5. Nxd4 e5 6. Nb3 Bb4+ 7. c3 Be7 8.
Bg5 Nbd7 9. O-O h6 10. Be3 Nf8 11. c4 d4 12. Bc1 Ne6 13. f4 Qc7 14. f5 Ng5 15.
h4 Nge4 16. Qd3 Nc5 17. Nxc5 Bxc5 18. Nd2 Bd7 19. Ne4 Nxe4 20. Bxe4 Bc6 21. Bd2
a5 22. f6 g6 23. a3 a4 24. Rab1 b6 25. Qf3 Rc8 26. Bd5 h5 27. Qe4 Bd6 28. Rbc1
Qb7 29. Bb4 Bb8 30. Be7 Kd7 31. e3 Bxd5 32. cxd5 Rxc1 33. Rxc1 Rc8 34. Rd1 dxe3
35. Qxe3 b5 36. Kh1 Rc4 37. Bb4 Qa7 38. Qxa7+ Bxa7 39. Rd2 Bc5 40. Ba5 Rd4 41.
Re2 Rxd5 42. Bd2 Ke6 43. Bg5 Rd3 44. Kg2 Rb3 45. Rc2 Kd5 46. Bc1 e4 47. Bf4 Bd4
48. Rc7 Bxf6 49. Rxf7 Be5 50. Bxe5 Kxe5 51. Re7+ Kf5 52. Rf7+ Ke6 53. Rf2 Ke5
54. Rc2 Kd4 55. Kf2 Rf3+ 56. Kg2 Rf6 57. Rd2+ Kc4 58. Rc2+ Kd3 59. Rc3+ Kd2 60.
Rc7 e3 61. Rd7+ Ke1 62. Re7 e2 63. Rd7 Rc6 0-1

[Event "OLNN 2122 Hamburger SK III - SK Doppelb"]
[Site "?"]
[Date "2021.11.21"]
[Round "2.7"]
[White "Luckow, Rolf"]
[Black "Bente, Bjoern"]
[Result "1/2-1/2"]
[WhiteElo "2209"]
[BlackElo "2235"]
[PlyCount "53"]
[EventDate "2021.??.??"]

1. d4 Nf6 2. Nf3 e6 3. g3 c5 4. c3 b6 5. Bg2 Bb7 6. O-O d5 7. Bg5 Be7 8. Nbd2
O-O 9. Re1 cxd4 10. cxd4 Nc6 11. Rc1 Rc8 12. Qa4 a6 13. e3 h6 14. Bxf6 Bxf6 15.
a3 Qd6 16. b4 Nb8 17. Qb3 Nd7 18. Qb1 Be7 19. Rxc8 Rxc8 20. Rc1 Rxc1+ 21. Qxc1
a5 22. bxa5 bxa5 23. Bf1 Qc6 24. Qb2 Qb6 25. Qc3 Bd6 26. Bd3 Qc7 27. Qxc7
1/2-1/2

[Event "OLNN 2122 Hamburger SK III - SK Doppelb"]
[Site "?"]
[Date "2021.11.21"]
[Round "2.8"]
[White "Kotyk, Michael"]
[Black "Budzyn, Matthias"]
[Result "1/2-1/2"]
[WhiteElo "2099"]
[BlackElo "2139"]
[PlyCount "120"]
[EventDate "2021.??.??"]

1. d4 Nf6 2. c4 g6 3. Nc3 d5 4. cxd5 Nxd5 5. e4 Nxc3 6. bxc3 Bg7 7. Nf3 c5 8.
Be3 Qa5 9. Qd2 Nc6 10. Rb1 cxd4 11. cxd4 Qxd2+ 12. Kxd2 O-O 13. d5 Rd8 14. Bd3
Na5 15. Bg5 f6 16. Bf4 e5 17. Be3 Bf8 18. Ng1 Bd7 19. Ne2 Ba3 20. f4 Rdc8 21.
fxe5 fxe5 22. h4 Nc4+ 23. Bxc4 Rxc4 24. Rxb7 Bg4 25. Rb3 Bb4+ 26. Kd3 Bxe2+ 27.
Kxe2 Rxe4 28. Kd3 Rg4 29. Rhb1 a5 30. a3 Bd6 31. Rb6 Rd8 32. Ra6 Ra4 33. Rb3
Bxa3 34. Rb5 e4+ 35. Ke2 Be7 36. Raxa5 Rxa5 37. Rxa5 Bxh4 38. Bb6 Rd7 39. Ke3
Kf7 40. Kxe4 h5 41. Ra8 Bf6 42. Bc5 Rc7 43. Ra5 Rd7 44. Ra6 Rc7 45. Ra5 Rd7 46.
Bb6 Rb7 47. Ra6 Rd7 48. Be3 Re7+ 49. Kd3 Rd7 50. Kc4 Re7 51. Bc5 Re2 52. g3 h4
53. Ra7+ Ke8 54. d6 Rd2 55. gxh4 Bxh4 56. Bd4 Rxd4+ 57. Kxd4 Bf2+ 58. Ke5 Bxa7
59. Kf6 Kd7 60. Kxg6 Kxd6 1/2-1/2

[Event "OLNN 2122 SC Tura Harksheide - SF Schwe"]
[Site "?"]
[Date "2021.12.12"]
[Round "3.1"]
[White "Hilwerda, Jonas"]
[Black "Kopylov, Daniel"]
[Result "0-1"]
[WhiteElo "2296"]
[BlackElo "2317"]
[PlyCount "80"]
[EventDate "2021.??.??"]

1. e4 c5 2. Nf3 d6 3. d4 cxd4 4. Nxd4 Nf6 5. Nc3 Nc6 6. Bc4 e6 7. Be3 Be7 8.
Qe2 O-O 9. O-O-O Qc7 10. Nxc6 bxc6 11. g4 d5 12. g5 dxc4 13. gxf6 Bxf6 14. Qxc4
a5 15. f4 Ba6 16. Qc5 Rfb8 17. e5 Be7 18. Qd4 Qb7 19. Na4 Bb5 20. b3 Bb4 21.
Nc5 Qe7 22. Qd6 Qh4 23. Kb2 a4 24. a3 Bxa3+ 25. Kxa3 Qh3 26. Qd4 axb3+ 27. Kxb3
Be2+ 28. Kc3 Bxd1 29. Rxd1 Qxh2 30. Na6 c5 31. Qd6 Qe2 32. Rd3 Qe1+ 33. Kc4 h5
34. Bd2 Qe4+ 35. Kxc5 Rc8+ 36. Kb6 Rc6+ 37. Qxc6 Rxa6+ 38. Kxa6 Qxc6+ 39. Ka7
Qa4+ 40. Kb6 Qxc2 0-1

[Event "OLNN 2122 SC Tura Harksheide - SF Schwe"]
[Site "?"]
[Date "2021.12.12"]
[Round "3.3"]
[White "Wolf, Christoph"]
[Black "Schmidt, Christian"]
[Result "1-0"]
[WhiteElo "2207"]
[BlackElo "2167"]
[PlyCount "91"]
[EventDate "2021.??.??"]

1. e4 c5 2. Nf3 Nc6 3. Bb5 g6 4. Bxc6 bxc6 5. O-O Bg7 6. e5 f6 7. exf6 Nxf6 8.
d4 cxd4 9. Qxd4 O-O 10. Qh4 Rb8 11. Nc3 d6 12. Ng5 Bf5 13. Qc4+ d5 14. Qxc6 Rb6
15. Qc5 e5 16. Rd1 h6 17. Nf3 Bxc2 18. Rd2 Ne4 19. Qxd5+ Qxd5 20. Rxd5 Nxc3 21.
bxc3 Be4 22. Rd7 Bxf3 23. gxf3 Rxf3 24. Be3 Rc6 25. Rxa7 Rf7 26. Rxf7 Kxf7 27.
a4 e4 28. a5 Ra6 29. Bd4 Bf8 30. c4 Ke6 31. Bb6 Bb4 32. Kf1 Kd6 33. Ke2 Kc6 34.
Ke3 Bd6 35. Kxe4 Bxh2 36. Rh1 Bc7 37. Rxh6 Bxb6 38. Rxg6+ Kc5 39. axb6 Ra4 40.
f4 Rxc4+ 41. Ke5 Rc1 42. b7 Re1+ 43. Kf6 Rb1 44. Rg7 Rb6+ 45. Ke5 Rb1 46. Rc7+
1-0

[Event "OLNN 2122 SC Tura Harksheide - SF Schwe"]
[Site "?"]
[Date "2021.12.12"]
[Round "3.4"]
[White "Meyer, Henrik"]
[Black "Rittemann, Steffen"]
[Result "0-1"]
[WhiteElo "1998"]
[BlackElo "2154"]
[PlyCount "76"]
[EventDate "2021.??.??"]

1. d4 Nf6 2. c4 g6 3. Nf3 Bg7 4. Nc3 O-O 5. Bg5 d6 6. Qd2 c6 7. e4 Re8 8. Be2
Qc7 9. O-O-O Nbd7 10. h4 b5 11. cxb5 cxb5 12. Kb1 b4 13. Nb5 Qa5 14. Rc1 Rb8
15. Nc7 Nxe4 16. Qe3 Nc3+ 17. bxc3 bxc3+ 18. Nb5 Rxb5+ 19. Bxb5 Qxb5+ 20. Kc2
Qa4+ 21. Kb1 Qb4+ 22. Kc2 Qa4+ 23. Kb1 Qb4+ 24. Kc2 Ba6 25. Kd1 Rc8 26. h5 Nb6
27. Rc2 Nd5 28. Qe4 Qb1+ 29. Bc1 Nb4 30. hxg6 hxg6 31. Ne1 Bd3 32. Qxd3 Nxd3
33. Nxd3 Bxd4 34. Rh4 Qb6 35. a4 a5 36. f4 Qc6 37. f5 Bf6 38. Rg4 Qd5 0-1

[Event "OLNN 2122 SC Tura Harksheide - SF Schwe"]
[Site "?"]
[Date "2021.12.12"]
[Round "3.5"]
[White "Grahl, Arvid"]
[Black "Koehler, Inken"]
[Result "1/2-1/2"]
[WhiteElo "2160"]
[BlackElo "1983"]
[PlyCount "85"]
[EventDate "2021.??.??"]

1. d4 d5 2. c4 c6 3. Nc3 Nf6 4. Bg5 e6 5. e3 Bb4 6. Qc2 Nbd7 7. Nf3 Qa5 8. Nd2
dxc4 9. Bxf6 Nxf6 10. Nxc4 Qc7 11. Bd3 O-O 12. O-O Be7 13. Rac1 c5 14. Nb5 Qd8
15. dxc5 Bxc5 16. Rfd1 Qe7 17. Ne5 Bb6 18. Nd6 Bd7 19. Nxb7 Rac8 20. Qd2 Ba4
21. Nd6 Rc5 22. b3 Rxe5 23. Nc4 Rd5 24. Nxb6 axb6 25. bxa4 Rfd8 26. Qc2 Rc5 27.
Qb3 Rxc1 28. Rxc1 Qd6 29. Be2 Ne4 30. Rd1 Qc7 31. Qc2 Rxd1+ 32. Bxd1 Qc3 33.
Qxc3 Nxc3 34. Bb3 Kf8 35. Kf1 Ke7 36. Ke1 Kd6 37. Kd2 Ne4+ 38. Ke2 Kc5 39. a3
Nc3+ 40. Kd3 Nb1 41. Ba2 Nxa3 42. Kc3 b5 43. axb5 1/2-1/2

[Event "OLNN 2122 SC Tura Harksheide - SF Schwe"]
[Site "?"]
[Date "2021.12.12"]
[Round "3.7"]
[White "Schmidt, Arne"]
[Black "Guo, Philipp Ziming"]
[Result "1-0"]
[WhiteElo "1740"]
[BlackElo "1838"]
[PlyCount "67"]
[EventDate "2021.??.??"]

1. Nf3 Nf6 2. g3 b6 3. Bg2 Bb7 4. O-O e6 5. c4 Be7 6. Nc3 O-O 7. b3 c5 8. Bb2
Nc6 9. d3 Qc7 10. e3 Rfd8 11. Qe2 a6 12. Rfd1 Rac8 13. Rac1 d6 14. d4 Nb8 15.
e4 cxd4 16. Nxd4 Nc6 17. Nc2 Nd7 18. Ne3 Nc5 19. f4 Qb8 20. Ba1 Bf6 21. Nc2 Qc7
22. Qe3 Rb8 23. Ne1 Bc8 24. Nf3 Bd7 25. Rd2 Be8 26. Rcd1 Kf8 27. g4 g6 28. Nd5
exd5 29. Bxf6 Rd7 30. f5 Kg8 31. Qh6 Ne6 32. fxe6 fxe6 33. exd5 exd5 34. Ng5
1-0

[Event "OLNN 2122 SC Tura Harksheide - SF Schwe"]
[Site "?"]
[Date "2021.12.12"]
[Round "3.8"]
[White "Petrosyan, Tigran"]
[Black "Neubert, Conrad"]
[Result "0-1"]
[WhiteElo "1617"]
[BlackElo "1649"]
[PlyCount "160"]
[EventDate "2021.??.??"]

1. Nf3 d5 2. d4 c5 3. dxc5 e6 4. Bf4 Bxc5 5. e3 Nf6 6. c4 O-O 7. Nc3 Qb6 8. Qc2
Nc6 9. a3 d4 10. Na4 Qa5+ 11. b4 Bxb4+ 12. axb4 Nxb4 13. Qb1 d3 14. Bxd3 Nxd3+
15. Ke2 Rd8 16. Bg5 Nb4 17. Bxf6 gxf6 18. Nc3 Qc5 19. Qe4 Bd7 20. Qg4+ Kh8 21.
Qh4 Qf5 22. Nd4 Qd3+ 23. Kf3 Qxc3 24. Qxf6+ Kg8 25. Qg5+ Kf8 26. Qc5+ Ke8 27.
Rhc1 b6 28. Qe5 Qd3 29. Qg5 Nc6 30. Nb5 Qf5+ 31. Qxf5 exf5 32. Nc7+ Ke7 33.
Nxa8 Rxa8 34. Kf4 Rc8 35. c5 b5 36. Rcb1 b4 37. e4 fxe4 38. Kxe4 a5 39. f4 Kf6
40. Rd1 Bf5+ 41. Kf3 a4 42. Rd6+ Ke7 43. Rxa4 b3 44. Rd2 Rb8 45. Rb2 Bc2 46.
Ke3 Nb4 47. Ra7+ Kf6 48. Rd7 Rc8 49. Rd4 Nc6 50. Rd2 Na5 51. Rbxc2 bxc2 52.
Rxc2 Nb3 53. c6 Rc7 54. g4 Na5 55. g5+ Kg7 56. h4 Rxc6 57. Rxc6 Nxc6 58. Ke4 h6
59. gxh6+ Kxh6 60. Kf5 Kg7 61. h5 Ne7+ 62. Ke5 Ng8 63. Kf5 Kh6 64. Kg4 Nf6+ 65.
Kf5 Nxh5 66. Kg4 Ng7 67. f5 f6 68. Kf4 Kh5 69. Ke4 Kg5 70. Kf3 Nxf5 71. Kf2 Nd6
72. Kf3 f5 73. Kg3 f4+ 74. Kf3 Nf7 75. Kf2 Kg4 76. Kg2 f3+ 77. Kf2 Ng5 78. Kf1
Kg3 79. Kg1 f2+ 80. Kf1 Ne6 0-1